What is the moisture meter trying to tell us? (Record no. 71890)
[ view plain ]
| 000 -LEADER | |
|---|---|
| fixed length control field | 00929cam a2200205 4500 |
| 001 - CONTROL NUMBER | |
| control field | ABS66202 |
| 008 - FIXED-LENGTH DATA ELEMENTS--GENERAL INFORMATION | |
| fixed length control field | 030107n2002 000 0 eng u |
| 035 ## - SYSTEM CONTROL NUMBER | |
| System control number | (Sirsi) u120938 |
| 100 ## - MAIN ENTRY--PERSONAL NAME | |
| Personal name | Burkinshaw, R |
| 245 ## - TITLE STATEMENT | |
| Title | What is the moisture meter trying to tell us? |
| 260 ## - PUBLICATION, DISTRIBUTION, ETC. | |
| Date of publication, distribution, etc. | 2002 |
| 490 ## - SERIES STATEMENT | |
| Series statement | Structural Survey |
| Volume/sequential designation | 20(5) 2002, 162-172(11) |
| 520 ## - SUMMARY, ETC. | |
| Summary, etc. | Detailed investigation into the role and accuracy of electrical moisture meters (EMM) in the context of building surveys. Draws on extensive field experience of their use and reports on laboratory testing of various materials with the most frequently used moisture meter. Gives invaluable advice to surveyors on interpreting meter readings. Figures and refrerences [Taken from journal abstract]. |
| 590 ## - LOCAL NOTE (RLIN) | |
| Local note | ABS |
| 650 ## - SUBJECT ADDED ENTRY--TOPICAL TERM | |
| Topical term or geographic name entry element | MOISTURE |
| 650 ## - SUBJECT ADDED ENTRY--TOPICAL TERM | |
| Topical term or geographic name entry element | MEASUREMENT METHODS |
| 650 ## - SUBJECT ADDED ENTRY--TOPICAL TERM | |
| Topical term or geographic name entry element | MOISTURE METERS |
| 690 ## - LOCAL SUBJECT ADDED ENTRY--TOPICAL TERM (OCLC, RLIN) | |
| Topical term or geographic name as entry element | BUILT ENVIRONMENT-BUILDING PATHOLOGY |
| 942 ## - ADDED ENTRY ELEMENTS (KOHA) | |
| Suppress in OPAC | 0 |
| Withdrawn status | Lost status | Source of classification or shelving scheme | Damaged status | Not for loan | Home library | Current library | Shelving location | Date acquired | Total Checkouts | Full call number | Barcode | Date last seen | Copy number | Price effective from | Koha item type |
|---|---|---|---|---|---|---|---|---|---|---|---|---|---|---|---|
| Dewey Decimal Classification | London | London | Journal article | 07/01/2003 | ABS66202 | 120938-1001 | 06/08/2019 | 1 | 06/08/2019 | Journal article |